| 000 | 00523 a2200157 4500 | ||
|---|---|---|---|
| 999 |
_c7588 _d7588 |
||
| 020 | _a0802838758 | ||
| 050 | _aBV 2500 FRY 2000 | ||
| 245 |
_aStudies in the history of christian missions/ _cedited by R.E. Frykenberg and Brian Stanley |
||
| 264 |
_aCambridge: _bWilliam B. Eerdmans publishing Company, _c2000 |
||
| 300 |
_a382p.: _bill. |
||
| 500 | _aIncludes index | ||
| 650 |
_aChurch missionary society _xHistory |
||
| 700 |
_aFrykenberg, R.E _eeditor |
||
| 700 |
_aStanley, Brian _eeditor |
||
| 942 |
_2lcc _cBK _h2500 _iFRY _kBV |
||